| 000 | 00584nam a22001577a 4500 | ||
|---|---|---|---|
| 082 | _a200 | ||
| 100 | _aTahir, Muhammad | ||
| 245 |
_aImpact of Training and Motivation on Human Resources Performance in Construction Industry of Pakistan (CEM) / _cMuhammad Tahir |
||
| 260 |
_aIslamabad : _bMCE - NUST, _c2015. |
||
| 300 | _a71 p. ; | ||
| 650 |
_aMS-Basic sciences Humanities _9126585 |
||
| 700 |
_aSupervisor: Dr. Sarfraz Ahmed _9126593 |
||
| 856 | _uhttp://10.250.8.41:8080/xmlui/handle/123456789/41094 | ||
| 942 |
_2ddc _cSC |
||
| 999 |
_c536181 _d536181 |
||